000 00590nam a2200241Ia 4500
003 OSt
005 20220924144743.0
006 a|||||r|||| 00| 0
007 ta
008 220923b |||||||| |||| 00| 0 urd d
024 _a320591
037 _cTextual
040 _aARTS
_cARTS
_burd
041 _2urd
_aurd
082 _aQ20c7:g, 168H6
100 _aSundarlal Au.
245 0 _aGeeta aur Quran
260 _c1946
650 _a QURAN
_933479
650 _aBHAGAVAD GITA
942 _hQ20c7:g, 168H6
_cTEXL
_2CC
999 _c458170
_d458170